000 00543nam a2200133Ia 4500
008 220216s9999 xx 000 0 und d
100 _aAmbily K.K
245 0 _aLiming for improving the nutrient availability and growth of rubber seedlings in the extremely acidic soil under rubber cultivation in South India
260 _b30th Kerala Science Congress, 28-30 January 2018, Government Brennen College, Thalassery, India, Abstracts, p. 15
650 _aNutrient availability
650 _aRubber seedlings
700 _aJoseph M
942 _cBS
999 _c48671
_d48671